| 000 | 00629nam a2200253Ia 4500 | ||
|---|---|---|---|
| 003 | OSt | ||
| 005 | 20221005123235.0 | ||
| 006 | a|||||r|||| 00| 0 | ||
| 007 | ta | ||
| 008 | 221004b |||||||| |||| 00| 0 tam d | ||
| 024 | _a48329 | ||
| 037 | _cTextual | ||
| 040 |
_aCRL _cCRL _btam |
||
| 041 |
_2tam _atam |
||
| 082 | _aO31,1C5:g(Y), L5 | ||
| 100 | _aSrinivasan Au. | ||
| 245 | 0 | _aKural kurum samuthayam | |
| 260 | _c1975 | ||
| 300 |
_a372p. _ccm. |
||
| 650 | _a TAMIL POETRY | ||
| 650 | _aTAMIL LITERATURE | ||
| 942 |
_hO31,1C5:g(Y), L5 _cTEXL _2cc |
||
| 999 |
_c1046807 _d1046807 |
||